00765nam a2200169Ia 450000500170000000800410001702000180005808200230007610000650009924500660016426000470023030000120027765000480028994200070033799900190034495202320036320250526143851.0231217s9999 xx 000 0 und d a9781107022294 a621.3822 REN;1 R aRenals, teve. Bourlard, Herve. Carletta, Jean ed. [et al...] 0aMultimodal signal processing : human interactions in meetings c2012bCambridge University PressaNew York axi, 273 aMultimodal,processing,interactions,meetings cAA c193846d193846 r2024-01-26 00:00:00l0o621.3822 REN;1 Rp82035W25udigital/contents/82035.pdfv4845.75w2024-01-26yAA1040708CL00KBR-611/12L21/12/2017aMLbMLcCLd2012-10-03eRoyal Bibliomang70.00EEC/PGGPOUNDF92.3V17.5URupees